60.výročie Stavebnej fakulty STU v Bratislave.Sekcia:Geodézia a kartografia : Zborník vedeckých prác.Bratislava,SR,18.-20.11.1998

Uložené v:
Podrobná bibliografia
Médium: Kniha
Jazyk:Slovak
English
Vydavateľské údaje: Bratislava : STU v Bratislave, 1998
Tagy: Pridať tag
Žiadne tagy, Buďte prvý, kto otaguje tento záznam!

MARC

LEADER 00000nam a22000003a 4500
001 stu51119
005 20150408162219.0
008 991129s1998----xo------------------slo-d
020 |a 80-227-1131-4 
040 |a STU  |b slo 
041 0 |a slo  |a eng 
044 |a xo 
080 |a 528 
080 |a 061.3(437.6) 
245 |a 60.výročie Stavebnej fakulty STU v Bratislave.Sekcia:Geodézia a kartografia :  |b Zborník vedeckých prác.Bratislava,SR,18.-20.11.1998 
260 |a Bratislava :  |b STU v Bratislave,  |c 1998 
300 |a preruš.str.,tab.,schémy 
996 |b 284V031743  |c V*1800/sc-12  |l VVT  |s A  |a 24  |w stu51119_0001 
996 |b 284V040508  |c V*1234/sc-99  |l VVT  |s A  |a 24  |w stu51119_0002